000 00538nam a2200181Ia 4500
999 _c34286
_d34286
003 OSt
005 20200917123505.0
008 190216s9999||||xx |||||||||||||| ||und||
020 _a9788123916262
040 _coclc
082 _a621.381
_bCHA/A
100 _aChattopadhyay, Taraprasad
_94680
245 0 _aAnalog And Digital Electronics /
_cTaraprasad Chattopadhyay
260 _bCbs Publishers,
_c2008.
_aNew Delhi:
300 _a474p
650 _aPhysics
942 _cBK
_2ddc
_h621.381
_iCHA/A
_k621.381
_mCHA/A